Deutsches Reich Postgebuhrenkatalog 1923 bis 1945 : (Record no. 2079)

000 -LEADER
fixed length control field 00549nam a22000977a 4500
008 - FIXED-LENGTH DATA ELEMENTS--GENERAL INFORMATION
fixed length control field 161031b xxu||||| |||| 00| 0 eng d
100 ## - MAIN ENTRY--AUTHOR'S NAME
Author's Name Lutgens, Rainer
245 ## - TITLE STATEMENT
Title Deutsches Reich Postgebuhrenkatalog 1923 bis 1945 :
Remainder of title Die Gebuhren und Bestimmungen der Deutschen Reichspost im Post- und Telegraphenbetrieb von 1.12.1923 bis zum 8.05.1945
260 ## - PUBLICATION, DISTRIBUTION, ETC. (IMPRINT)
Place of publication, distribution, etc. Langenhagen, & Hamburg, Germany
Name of publisher, distributor, etc. R. E. Lutgens
Date of publication, distribution, etc. 1986
650 ## - TOPICAL TERM (Tag)
Topical term or geographic name Germany | Postal Rates | Postal Laws and Regulations | Laws and Regulations | Postal Service | 1923-1945 | 20th Century | Bibliographies
Holdings
Withdrawn status Lost status Source of classification or shelving scheme Damaged status Koha normalized classification for sorting Not for loan Permanent Location Current Location Date acquired Total Checkouts Full call number Barcode Date last seen Price effective from
        G6081 P8575 L973   Northern Philatelic Library Northern Philatelic Library 10/31/2016   G6081 P8575 L973 1002417 10/31/2016 10/31/2016

Powered by Koha